
Library Catalogue

| 000 -LEADER | |
|---|---|
| fixed length control field | 01584nam a2200157Ia 4500 |
| 005 - DATE AND TIME OF LATEST TRANSACTION | |
| control field | 20260209120125.0 |
| 008 - FIXED-LENGTH DATA ELEMENTS--GENERAL INFORMATION | |
| fixed length control field | 260209s9999||||xx |||||||||||||| ||und|| |
| 100 ## - MAIN ENTRY--PERSONAL NAME | |
| Personal name | Jlan Kupar Roy Rymbai |
| 245 #0 - TITLE STATEMENT | |
| Title | Insurgency in the north eastern India : a study |
| 260 ## - PUBLICATION, DISTRIBUTION, ETC. | |
| Place of publication, distribution, etc. | BangaloreBangalore |
| Name of publisher, distributor, etc. | NLSIU |
| Date of publication, distribution, etc. | 2008 |
| 300 ## - PHYSICAL DESCRIPTION | |
| Extent | 102 p. ; 25 cm. |
| 505 ## - FORMATTED CONTENTS NOTE | |
| Formatted contents note | INDEX; Acknowledgement; Abstract; Abbreviation; Certificate; Declaration; CHAPTER-I; 1.1 INTRODUCTION (HISTORICAL BACKGROUND) 1.2 LEGACY OF BRITISH RULE; 1.3 RESEARCH METHODOLOGY; CHAPTER-II; 2.1 DEFINATION OF NSURGENCY; 2.2 CHARACTERISTIC FEATURES OF INSURGENCY; 2.3 VARIOUS TYPES OF INSURGENCY; 2.4 CAUSED OF INSURGENCY; 2.5 MIGRATION; 2.6 INFLOW OF REFUGEE; CHAPTER – III; 3.1 INTRICATE INSURGENCY SCENARIO OF NORTH EAST; CHAPTER-IV; 4.1 BREAKDOWN IN NORTH EAST; INTRODUCTION; 4.2 NORTH EAST COLLAPSE- IDENTITY WARS OR CRISES OF LEGITIMACY; 4.3 FUND AND GOVERNCE; 4.4. UNDESTANDING ETHNO-NATIONALISM; 4.5 VICIOUS CIRCLE OF INSURGENCY AND UNDER DEVELOPMENT IN NORTH EAST INDIA; 4.6 EXTORTION; CHAPTER-V; 5.1 HUMAN RIGHTS VIOLATION; 5.2 ATIONAL HUMAN RIGHTS COMMISSION OF INDIA; 5.3 ECCESSI1Y FOR MODERN DEFINATION; 5.4 THE VEXATIOUS ISSUE OF HUMAN RIGHTS VIOLATION; 5.5 NAGA PEOPLE'S MOVEMENT FOR HUMAN RIGHTS (NPMHR); CHAPTER-VI; 6.1 CRITICAL ANALYSIS; CONCLUSION – VII; 7.1 CONCLUSION; 7.2 SUGGESTION; APPEDIX; BIBLOGRAPHY / REFERENCES |
| 650 ## - SUBJECT ADDED ENTRY--TOPICAL TERM | |
| Topical term or geographic name entry element | Migration, Inflow of Refugee, Insurgency - North Esat |
| 700 ## - ADDED ENTRY--PERSONAL NAME | |
| Personal name | Prof. H K Nagaraja - GuideProf. H K Nagaraja - Guide |
| 856 ## - ELECTRONIC LOCATION AND ACCESS | |
| Uniform Resource Identifier | <a href="https://dans.nls.ac.in/handle/123456789/1410">https://dans.nls.ac.in/handle/123456789/1410</a> |
| Withdrawn status | Lost status | Damaged status | Not for loan | Home library | Current library | Date acquired | Total Checkouts | Barcode | Date last seen | Price effective from | Koha item type |
|---|---|---|---|---|---|---|---|---|---|---|---|
| . | . | 09.02.2026 | LLM198 | 09.02.2026 | 09.02.2026 | Dissertation |